Регионална библиотека "Любен Каравелов" - Русе

Жак Офенбах (Запис номер 50747)

MARC детайли
000 -Лидер
Контролно поле с фиксирана дължина 01665nam a2200433 a 4500
003 - Код на организацията, давaща контролен номер
Контролно поле BLK
005 - Дата и час на последна редакция
Контролно поле 20230731164406.0
008 - Елементи от данни с фиксирана дължина
fixed length control field 180408b bul|||||r ||||||| ||bul||
010 ## - Наследен системен номер
LC control number KNG00054627000
040 ## - Източник на каталожния запис
Идентификатор на билиотеката - собственик на записа BLK
041 ## - Код за език
Код за езика на текст/звукозапис или на отделно заглавие Български
Код за езика КДБФ Руски
080 ## - УДК
Текстов определител УДК Музиканти-творци, композитори
УДК код - определител по УДК 78.071.1
УДК определител (44)(092)
УДК - код + определител 78.071.1(44)(092)
080 ## - УДК
УДК код - определител по УДК 929 Офенбах, Жак
УДК - код + определител 929 Офенбах, Жак
100 1# - Редна дума - Автор
Автор Солертински, Иван Иванович
Авторска отговорност първи автор
R(LIN) 122073
139 ## - Редно поле
Редна дума Солертински, Иван Иванович
Авторски знак Оу - О 96
245 10 - Сведения за заглавието
Заглавие Жак Офенбах
Редно поле (дума) Иван Иванович Солертински; прев. от рус. Агапия Димитрова Баларева.
257 ## - Страна на издаване
Страна на създаване/издаване СССР
260 ## - Област на издателските данни
Име на издателя, разпространителя и проч. Наука и изкуство
Година на издаване 1960
Място на издаване, разпространение и проч. София
300 ## - Физическа характеристика
Страници 44 с.
Размери/Мащаб 16 см
380 ## - Жанр
Жанр Изкуство
490 ## - СЕРИИ (Колекции)
Име на серия В помощ на слушателя
№: серия 41
600 14 - Име на лице, използвано като предмет
За него / За нея Офенбах, Жак
9 (RLIN) 105129
650 #4 - Допълнително описание по предмет – тема
Основно описание – тема или топоним Композитори - биографии
9 (RLIN) 246095
650 #4 - Допълнително описание по предмет – тема
Основно описание – тема или топоним Композитори, френски
9 (RLIN) 256945
650 #4 - Допълнително описание по предмет – тема
Основно описание – тема или топоним Офенбах, Жак
9 (RLIN) 105129
651 #4 - Допълнително описание по предмет - топоним
Географско понятие Франция
9 (RLIN) 179722
653 ## - Ключова дума – ненормативна
Ключова дума композитори
653 ## - Ключова дума – ненормативна
Ключова дума биографии
653 ## - Ключова дума – ненормативна
Ключова дума Франция
653 ## - Ключова дума – ненормативна
Ключова дума Жак Офенбах
700 ## - Други автори (авторска отговорност)
Лично име Баларева, Агапия Димитрова
Дати, свързани с автора 1929-2017
9 (RLIN) 308555
852 ## - Местоположение
Форматна сигнатура Цб І 3811
Фондова буква Хранилище
856 4# - Електронен адрес и достъп
Електронен формат pdf - файл
856 4# - Електронен адрес и достъп
Електронен формат pdf - файл
942 ## - АРТИКУЛИ
Вид на библиотечния материал Книги
Скрит в OPAC Не
944 ## - СЪЗДАВАНЕ И РЕДАКЦИЯ на ЗАПИСА
Създаване/Редакция Създаване
Дата на регистрацията/редакция 14.06.2011
Статус, дата на статуса Теодора Пейчева-Дянкова
Служител, извършил регистрацията/редакцията 30556
944 ## - СЪЗДАВАНЕ И РЕДАКЦИЯ на ЗАПИСА
Създаване/Редакция Редакция
Дата на регистрацията/редакция 19.07.2023
999 ## - СИСТЕМНИ КОНТРОЛНИ НОМЕРА
Koha biblionumber 50747
Koha biblioitemnumber 50747
999 ## - СИСТЕМНИ КОНТРОЛНИ НОМЕРА
Koha biblioitemnumber 50747
Наличности
Код за отписване Код за изгубен артикул Източник на класификационната схема Код за повреда Коз за рестрикции Код за отдаване Артикулен № Име на библиотеката - собственик Име на библиотеката, в която се намира в момента Статус (Текущо местоположение) Дата на вписване в системата Местоположение - отдел Цена в лева Инвентарен номер Систематично азбучна сигнатура Баркод Номер на екземпляра Цена в евро Служебна бележка Служебен тип на артикула
Изтеглен Не е изгубен Universal Decimal Classification Не е повреден без рестрикции заемане за дома 79355 Регионална библиотека "Любен Каравелов" Русе Регионална библиотека "Любен Каравелов" Русе Отдел Изкуство - подръчен фонд 1960-01-01 Отдел Изкуство - подръчен фонд 0.65 12936/60 78.071.1(092)/О 96 12936/60 1 0.33 N: стар фонд Дата: 01.01.1960 Дата инв: 20.06.2012 Бележки инв: * Книги
Изтеглен Не е изгубен Universal Decimal Classification Не е повреден без рестрикции заемане за дома 79356 Регионална библиотека "Любен Каравелов" Русе Регионална библиотека "Любен Каравелов" Русе Отдел Изкуство - подръчен фонд 1960-01-01 Отдел Изкуство - подръчен фонд 0.65 666263 78.071.1(092)/О 96 666263 2 0.33 Дост: Pk Вид: Ф N: стар фонд Дата: 01.01.1960 Дата инв: 03.04.2017 Бележки инв: ИП2017 Книги
  Не е изгубен Universal Decimal Classification Не е повреден без рестрикции заемане за дома 79357 Регионална библиотека "Любен Каравелов" Русе Регионална библиотека "Любен Каравелов" Русе Отдел Изкуство - подръчен фонд 1960-01-01 Отдел Изкуство - подръчен фонд 0.65 167122 78.071.1(092)/О 96 120000167122 3 0.33 Дост: Pk Вид: Ф N: стар фонд Дата: 01.01.1960 Дата инв: 03.04.2017 Бележки инв: ИП2017 Книги
Изтеглен Не е изгубен   Не е повреден без рестрикции заемане за дома 79358 Регионална библиотека "Любен Каравелов" Русе Регионална библиотека "Любен Каравелов" Русе Отчислена 1960-01-01 Отдел Изкуство - подръчен фонд 0.00 12937/60 ИП 78.071.1(092)/О 96 12937/60 4 0.00 Дост: Pk Вид: Ф N: стар фонд Дата: 01.01.1960 Книги
Изтеглен Не е изгубен   Не е повреден без рестрикции заемане за дома 79359 Регионална библиотека "Любен Каравелов" Русе Регионална библиотека "Любен Каравелов" Русе Отчислена 1960-01-01 Отдел Изкуство - подръчен фонд 0.00 13795/61 ИП 78.071.1(092)/О 96 13795/61 5 0.00 Дост: Pk Вид: Ф N: стар фонд Дата: 01.01.1960 Книги
Изтеглен Не е изгубен   Не е повреден без рестрикции заемане за дома 79360 Регионална библиотека "Любен Каравелов" Русе Регионална библиотека "Любен Каравелов" Русе Отчислена 1960-01-01 Отдел Изкуство - подръчен фонд 0.00 16337/65 ИП 78.071.1(092)/О 96 16337/65 6 0.00 Дост: Pk Вид: Ф N: стар фонд Дата: 01.01.1960 Книги
  Не е изгубен Universal Decimal Classification Не е повреден само за читалня ползва се в читалня 79361 Регионална библиотека "Любен Каравелов" Русе Регионална библиотека "Любен Каравелов" Русе Хранилище 1960-01-01 Хранилище 0.07 11535/60 Цб І 3811 900000026444 7 0.04 Дост: Dp Вид: Д N: сф Дата: 01.01.1960 Книги
Vip Innovations Ltd, Rousse, Bulgaria 2025